Μάνατζμεντ : 375 επισημάνσεις
Αποθηκεύτηκε σε:
| Κύριος συγγραφέας: | |
|---|---|
| Μορφή: | Βιβλίο |
| Γλώσσα: | Greek |
| Δημοσίευση: |
Αθήνα :
Νέα Σύνορα,
1995
|
| Θέματα: | |
| Ετικέτες: |
Προσθήκη ετικέτας
Δεν υπάρχουν, Καταχωρήστε ετικέτα πρώτοι!
|
MARC
| LEADER | 00000nam a2200000 i 4500 | ||
|---|---|---|---|
| 001 | 1/37072 | ||
| 008 | 960925s1995 gre d | ||
| 020 | |a 960-236-287-1 | ||
| 035 | |l 10024610 | ||
| 040 | |a GR-MY-UA |b gre |e aacr | ||
| 041 | 0 | |a gre | |
| 082 | 0 | |a 658 | |
| 100 | 1 | |a Κωστούλας, Γιώργος Ι. | |
| 245 | 1 | 0 | |a Μάνατζμεντ : |b 375 επισημάνσεις / |c Γ.Ι. Κωστούλας |
| 260 | |a Αθήνα : |b Νέα Σύνορα, |c 1995 | ||
| 300 | |a 184 σ. | ||
| 500 | |a Περιέχει βιβλιογραφία | ||
| 650 | 0 | 0 | |a Management. |
| 852 | |a INST |b CHIOS |e 19960925 |h 658 ΚΩΣ |p 005200011604 |q 005200011604 |t BK |y 0 | ||
| 852 | |a INST |b LESVOS |e 20001120 |h 658 ΚΩΣ |p 005100029033 |q 005100029033 |t BK |y 0 | ||
| 909 | |a Χ |b 045319 | ||
| 909 | |a Λ |b 082286 | ||
| 922 | |a 1ΕΛΗ |b 200011 |c ΤΑΚ/ΠΤΕ |d ΠΑΠΑΣΩΤΗΡΙΟΥ | ||
| 950 | |a 185-2000-07-07 | ||